| 000 | 00759nam a2200313Ia 4500 | ||
|---|---|---|---|
| 008 | 170711s9999 xx 000 0 und d | ||
| 020 | _a9780374530556 | ||
| 050 | _a956.7 | ||
| 050 | _bP119 2005 | ||
| 100 | _aPacker, George | ||
| 245 | 4 | _aThe assassins' gate : | |
| 245 | _bAmerica in Iraq / | ||
| 245 | _cby George Packer. | ||
| 260 | _aNew York : | ||
| 260 | _bFSG, | ||
| 260 | _c2005 | ||
| 300 | _a481 pages : | ||
| 300 | _billustrations ; | ||
| 300 | _c21cm. | ||
| 500 | _aIncludes bibliographic reference and index. | ||
| 650 | _aCivil war -- | ||
| 650 | _aInsurgency -- | ||
| 650 | _aIraq -- | ||
| 650 | _aIraq war, 2003. | ||
| 650 | _xIraq. | ||
| 650 | _xIraq. | ||
| 650 | _xPolitics and government. | ||
| 700 | _aTitle. | ||
| 999 |
_c339786 _d339786 |
||